Times por Escudo - Premier League 23/24 - Statistics

Estatísticas Gerais
  • Esse quiz foi jogado 415 vezes
  • A pontuação média é 16 de 20
Estatísticas das Respostas
Imagem Resposta % Correto
Arsenal
97%
Chelsea
93%
Manchester United
93%
Crystal Palace
91%
Liverpool
91%
Everton
88%
Newcastle
88%
Tottenham
85%
Manchester City
83%
West Ham
83%
Wolverhampton
83%
Aston Villa
81%
Nottingham Forest
76%
Brighton
73%
Fulham
71%
Bournemouth
70%
Brentford
67%
Sheffield United
61%
Luton Town
57%
Burnley
56%
Nenhum quiz correspondente encontrado
Distribuição das Pontuações
Porcentagem de Pessoas com Cada Pontuação
Percentil de Números Respondidos
Sua Pontuação Histórica
Você não jogou esse quiz